000 00461nam a2200193Ia 4500
008 220204s9999 xx 000 0 und d
082 _a577.151.64
_bWIL
100 _aWILKINSON, J Henry
245 0 _aIsoenzymes
250 _aEd.2
260 _aLondon
_bChapman and Hall
_c1970
650 _aAminotransferase
650 _aEnzyme
650 _aEsterase
650 _aHexokinase
650 _aIsoenzyme
650 _aLactate dehydrogenase
942 _cBK
999 _c23876
_d23876